Just say please / (Record no. 1151)

MARC details
000 -LEADER
fixed length control field 00982nam a2200301 a 4500
005 - DATE AND TIME OF LATEST TRANSACTION
control field 20230908143458.0
020 ## - INTERNATIONAL STANDARD BOOK NUMBER
International Standard Book Number 030796017X
040 ## - CATALOGING SOURCE
Original cataloging agency DLC
Transcribing agency DLC
Language of cataloging eng
050 00 - LIBRARY OF CONGRESS CALL NUMBER
Classification number PZ7.M459
Item number Jux 1993
082 00 - DEWEY DECIMAL CLASSIFICATION NUMBER
Classification number Fic
Edition number 20
100 1# - MAIN ENTRY--PERSONAL NAME
Personal name Mayer, Gina.
245 10 - TITLE STATEMENT
Title Just say please /
Statement of responsibility, etc. by Gina and Mercer Mayer.
260 ## - PUBLICATION, DISTRIBUTION, ETC.
Place of publication, distribution, etc. Racine, Wis. :
Name of publisher, distributor, etc. Publishing Company,Inc.
Date of publication, distribution, etc. 1993.
300 ## - PHYSICAL DESCRIPTION
Extent 23 unnumbered pages :
Other physical details color illustrations ;
Dimensions 21 cm
490 1# - SERIES STATEMENT
Series statement A little golden book
Volume/sequential designation Book 5
500 ## - GENERAL NOTE
General note "A Golden book, New York."
500 ## - GENERAL NOTE
General note "Mercer Mayer's little critter"--P. 4 of cover.
505 ## - FORMATTED CONTENTS NOTE
Formatted contents note I <br/>
520 ## - SUMMARY, ETC.
Summary, etc. Liitle Critter learns about good manners at school and tries to put them into practice at home.
521 ## - TARGET AUDIENCE NOTE
Target audience note 450 <br/>
Source Lexile <br/>
521 ## - TARGET AUDIENCE NOTE
Target audience note I <br/>
Source Raz-Plus <br/>
650 #1 - SUBJECT ADDED ENTRY--TOPICAL TERM
Topical term or geographic name entry element Etiquette
General subdivision Fiction.
650 #1 - SUBJECT ADDED ENTRY--TOPICAL TERM
Topical term or geographic name entry element Schools
General subdivision Fiction.
700 1# - ADDED ENTRY--PERSONAL NAME
Personal name Mayer, Mercer,
Dates associated with a name 1943-
906 ## - LOCAL DATA ELEMENT F, LDF (RLIN)
a 7
b cbc
c orignew
d 2
e opcn
f 19
g y-gencatlg
942 ## - ADDED ENTRY ELEMENTS (KOHA)
Source of classification or shelving scheme Dewey Decimal Classification
Koha item type Books
Suppress in OPAC No
999 ## -
-- 1151
-- 1151
Holdings
Withdrawn status Lost status Source of classification or shelving scheme Damaged status Not for loan Collection Home library Current library Shelving location Date acquired Total Checkouts Full call number Barcode Date last seen Date last checked out Price effective from Koha item type
    Dewey Decimal Classification     Juvenile Fiction Footprints International School Library Network Toul Kork Campus Footprints International School Library Network Toul Kork Campus   08/04/2023 2 MAY Fic PZ7.M459 FISBK00177 04/23/2024 03/26/2024 08/04/2023 Books